Scottish residential land report (Record no. 109380)

MARC details
000 -LEADER
fixed length control field 01085cad a22001935a 4500
001 - CONTROL NUMBER
control field E146987
008 - FIXED-LENGTH DATA ELEMENTS--GENERAL INFORMATION
fixed length control field 090319s2008 xxk d f 000 0 eng d
035 ## - SYSTEM CONTROL NUMBER
System control number (Sirsi) u146987
041 0# - LANGUAGE CODE
Language code of text/sound track or separate title eng
050 04 - LIBRARY OF CONGRESS CALL NUMBER
Classification number 333.3309411 $2 18
110 2# - MAIN ENTRY--CORPORATE NAME
Corporate name or jurisdiction name as entry element Savills Research
9 (RLIN) 5211
245 00 - TITLE STATEMENT
Title Scottish residential land report
Remainder of title spring 2008
Medium [electronic resource]
260 ## - PUBLICATION, DISTRIBUTION, ETC.
Place of publication, distribution, etc. London
Name of publisher, distributor, etc. Savills Research
Date of publication, distribution, etc. 2008
520 ## - SUMMARY, ETC.
Summary, etc. Suggests that the Scottish land market will cope better with the current economic downturn that the rest of the UK, as it has performed better in recent years in terms of price growth. The report predicts that Scotland will continue to outperform the rest of the UK in this respect, and that the demand for family housing on the outskirts of towns such as Edinburgh, together with scarcity of sites, will support land values.
651 #4 - SUBJECT ADDED ENTRY--GEOGRAPHIC NAME
Geographic name Scotland
Chronological subdivision 1999-
690 ## - LOCAL SUBJECT ADDED ENTRY--TOPICAL TERM (OCLC, RLIN)
Topical term or geographic name as entry element PROPERTY-RESIDENTIAL PROPERTY-RESIDENTIAL PROPERTY MARKET
856 40 - ELECTRONIC LOCATION AND ACCESS
Uniform Resource Identifier <a href="https://www.savills.co.uk/research/Report.aspx?nodeID=9629#">https://www.savills.co.uk/research/Report.aspx?nodeID=9629#</a>
Public note View the report free of charge at www.savills.co.uk...
942 ## - ADDED ENTRY ELEMENTS (KOHA)
Suppress in OPAC 0
Holdings
Withdrawn status Lost status Source of classification or shelving scheme Damaged status Not for loan Home library Current library Shelving location Date acquired Total Checkouts Full call number Barcode Date last seen Copy number Price effective from Koha item type
    Dewey Decimal Classification     Virtual Virtual Online 19/03/2009   ONLINE PUBLICATION 146987-2001 06/08/2019 1 06/08/2019 Book